| 000 | 00921cam a2200253 a 4500 | ||
|---|---|---|---|
| 001 | k 64000347 | ||
| 003 | DLC | ||
| 005 | 20260227111524.0 | ||
| 008 | 010305m19599999ko 000 0 kor c | ||
| 010 | _ak 64000347 | ||
| 035 | _a(CStRLIN)DCLP01-B2309 | ||
| 040 |
_aHarvard Univ. Chinese-Japanese Library _cYNH _dDLC-R _dDLC |
||
| 050 | 0 | 0 |
_aPL976.4 _b.C42 1959 |
| 066 | _c$1 | ||
| 245 | 0 | 0 |
_6880-01 _aChʻuchʻŏn chakpʻum chŏnjip / _c[pʻyŏnja Cho Yŏn-hyŏn]. |
| 260 |
_6880-02 _aSŏul : _bHyŏndae Munhaksa, _cTanʼgi 4292 [1959]- |
||
| 300 |
_av. <1 > ; _c19 cm. |
||
| 505 | 1 | _aChe 1-kwŏn. Si pʻyŏn -- | |
| 650 | 0 |
_aKorean poetry _y20th century. |
|
| 700 | 1 |
_6880-03 _aCho, Yŏn-hyŏn, _d1920-1981. |
|
| 880 | 0 | 0 |
_6245-01/$1 _a推薦 作品 全集 / _c[編者 趙 演鉉]. |
| 880 |
_6260-02/$1 _a서울 : _b現代 文學社, _c檀紀4292 [1959]- |
||
| 880 | 1 |
_6700-03/$1 _a趙 演鉉, _d1920-1981. |
|
| 999 |
_c35345 _d35345 |
||